[Event "FRA-ch"]
[Site "Narbonne"]
[Date "1997.08.19"]
[Round "5"]
[White "Vaisser, Anatoli"]
[Black "Fontaine, Robert"]
[Result "1/2-1/2"]
[WhiteElo "2575"]
[BlackElo "2395"]
[Annotator "Tsesarsky,I"]
[PlyCount "116"]
[EventDate "1997.08.15"]
[EventType "tourn"]
[EventRounds "15"]
[EventCountry "FRA"]
[EventCategory "9"]
[SourceTitle "CBM 061"]
[Source "ChessBase"]
[SourceDate "1997.11.23"]
[SourceVersion "1"]
[SourceVersionDate "1997.11.23"]
[SourceQuality "1"]

1. d4 d5 2. c4 e6 3. Nc3 Nf6 4. cxd5 exd5 5. Bg5 c6 6. e3 Be7 7. Bd3 Nbd7 8.
Nge2 Nh5 9. Bxe7 Qxe7 10. g4 Nhf6 11. Ng3 h6 (11... Nf8 12. h3 Be6 13. Qa4 Ng6
14. O-O-O O-O 15. Kb1 c5 16. Nf5 Qc7 (16... Bxf5 17. Bxf5 $14) 17. dxc5 (17.
Nb5 Qc6 18. dxc5 a6 19. Nc3 Qxc5 20. Rc1 $14) 17... Qxc5 18. Nd4 Ne5 19. f4 Nc4
20. g5 Bd7 21. Qb3 Nxe3 22. gxf6 g6 23. Be2 (23. Qxb7 Nxd1 24. Rxd1 Qxd4 (24...
Rab8 25. Qxd7 Qxc3 26. Bb5 $1 $18) 25. Qxd7 Rab8 26. Bb5 $18) 23... Nxd1 24.
Qxd1 Qd6 25. Nc2 (25. Bf3 $14) 25... Bf5 26. Bd3 $14 {Hort,V-Teske,H/BL9596
1996/BL 90/1/2-1/2 (43)}) 12. Nf5 (12. h3 Nb6 13. Qd2 Bd7 14. b3 g6 15. a4 a5
16. f3 h5 17. g5 Qd6 18. Nge2 Ng8 19. e4 Ne7 (19... Be6 20. e5 $14) 20. Qf4
Qxf4 21. Nxf4 O-O 22. Nce2 h4 23. Ng2 Kg7 24. Kd2 dxe4 25. fxe4 Rad8 26. Raf1
Rh8 27. Ne3 $14 {1-0 Kasparov,G-Spassky,B/Barcelona WCup 1989/CBM 12 (51)})
12... Qf8 13. e4 $2 (13. h4 g6 14. Ng3 Nb6 15. f3 Qd6 16. Nce2 h5 17. g5 Ng8
18. Kf2 Ne7 19. a4 Be6 20. Qc2 Nd7 21. Nf4 $14 {Speelman,J-Andersson,U/
Reykjavik WCup 1991/CBM 26/[Ftacnik]/1/2-1/2 (40)}) (13. h3 g6 14. Ng3 Qe7 15.
Qc2 O-O 16. O-O-O $14) 13... g6 14. Ne3 $8 (14. e5 gxf5 15. exf6 fxg4 16. Qxg4
Nxf6 $17) 14... dxe4 15. Bxe4 (15. Nxe4 Qb4+ $19) 15... Nxe4 16. Nxe4 Qb4+ (
16... Qe7 17. Nc3 Nf6 18. h3 Be6 19. Qf3 O-O 20. O-O-O Rac8 $15) 17. Qd2 Qe7 $6
(17... Qxd2+ 18. Kxd2 Nb6 19. Rhe1 O-O $15) 18. f3 (18. Nc3 Nf6 $17) 18... Nf6
(18... O-O 19. O-O-O Nb6 (19... Nf6 20. Nc3 Be6 $132) 20. Nc2 Kg7 21. g5 hxg5 (
21... h5 22. Rhe1 Be6 23. Nc5 Rad8 24. Qf4 Nd5 25. Qe5+ Kh7 26. Rd2 $15 (26.
Nxe6 fxe6 27. Qxe6 Qxg5+ $17)) 22. Rde1 Be6 23. Nxg5 $132) 19. O-O-O Be6 (19...
Nxe4 20. fxe4 Qxe4 21. Nf5 Qd5 (21... Qxg4 22. Rde1+ Be6 23. Ng7+ Kd7 24. Rhg1
Qh4 25. Nxe6 fxe6 26. Rxg6 Rae8 27. Re2 $44) 22. Rhe1+ Be6 23. Ng7+ Kd7 24.
Nxe6 fxe6 25. Kb1 Raf8 $15) 20. Qa5 $1 $132 (20. Nc3 $132) 20... Nd5 (20... O-O
21. g5 Nd5 22. Nxd5 cxd5 23. Nf6+ Kg7 24. h4 Rfc8+ 25. Kb1 Qd6 26. Qd2 (26. h5
hxg5 27. Ng4 gxh5 28. Rxh5 Bf5+ 29. Ka1 Qf4 $17) 26... h5 $132) 21. Rhe1 O-O
22. Qd2 (22. Qc5 Qxc5+ 23. dxc5 Nxe3 24. Rxe3 Bxa2 25. Rd7 Rab8 26. Ra3 Be6 27.
Rc7 a6 28. Nd6 $44) 22... Kg7 (22... Nb4 23. a3) (22... Rfe8 23. Nxd5 cxd5 24.
Nc5 Rac8 25. Kb1 Kg7 26. f4 Rc6 27. Rc1 Qh4 28. h3 Rec8 (28... Qxh3 29. f5
Bxf5+ (29... gxf5 30. Rh1 $18) 30. gxf5 Qxf5+ 31. Ka1 $14) 29. Rc3 $14) 23. Nc5
Nxe3 $6 (23... b6 24. Nxe6+ fxe6 25. Nxd5 (25. Nc4 Rxf3) 25... cxd5 26. Qe3
Rac8+ 27. Kb1 Qf6 28. h4 (28. Qxe6 Qxe6 29. Rxe6 Rxf3 $11) 28... Qxf3 29. Qxe6
Rce8 30. Qd7+ $11) 24. Rxe3 b6 (24... Rad8 25. Qc3 Rd5 26. Rde1 Re8 27. f4 $14)
25. Nxe6+ $14 fxe6 26. Rde1 (26. Qc3 Kh7 27. Kb1 Qd6 28. Rde1 Rae8 29. h4 Rf4
30. h5 Rxd4 (30... g5 31. Qc2+ $18) 31. Qc2 (31. hxg6+ Kxg6 32. Qc2+ Kg7 $15)
31... e5 32. hxg6+ Qxg6 33. Qxg6+ (33. Rxe5 Qxc2+ 34. Kxc2 Rxe5 35. Rxe5 Rf4
36. Re3 Kg6 $11) 33... Kxg6 34. Rxe5 Rxe5 35. Rxe5 Rf4 36. Re6+ Kg5 37. Re5+
Kf6 38. Re3 $11) 26... Rf6 (26... Rae8 27. Rxe6 Qxe6 28. Rxe6 Rxe6 29. Qc3 Kg8
30. h4 $14) 27. Qc3 (27. h4 $1 Rd8 28. Qc3 (28. g5 hxg5 29. hxg5 Rf4 30. Rxe6
Qxg5 31. R6e5 Qf6 32. Re7+ Kf8 33. Rxa7 Qxd4 34. Qxd4 Rfxd4 35. Rb7 b5 36. Rc7
R8d6 $11) 28... Qd6 (28... Rd5 {-This game}) 29. g5 hxg5 30. hxg5 Rf5 31. d5+
e5 32. Rxe5 Rxe5 33. Rxe5 Kg8 34. Re6 Qf4+ 35. Kb1 Qxg5 36. Qxc6 Qg1+ (36...
Qf5+ 37. Ka1 $18) 37. Qc1 Qxc1+ 38. Kxc1 Rxd5 39. Rxg6+ Kf7 40. Rg2 Ke6 41. Rd2
Rf5 42. Rd3 $16) 27... Rd8 28. h4 Rd5 29. Qxc6 Rxd4 30. Rxe6 Rxe6 31. Qxe6 $2 (
31. Rxe6 $1 Qxh4 (31... Qf7 32. Qc3 Qf4+ (32... Qxe6 33. Qxd4+ $16) 33. Kb1 Kf7
34. Re1 $18) 32. Qc7+ Kf8 33. Qb8+ Rd8 34. Qf4+ Kg7 35. b3 Qg5 (35... b5 36.
Qc7+ Kf8 37. Qxa7 Rc8+ 38. Kb2 Qh2+ 39. Ka3 b4+ 40. Kxb4 Qd2+ 41. Ka3 Qc1+ 42.
Ka4 Qf4+ 43. b4 $18) 36. Qxg5 hxg5 37. Re7+ Kf6 (37... Kh6 38. Kc2 {[%csl Rh6]}
(38. Rxa7 Rf8 39. Rb7 Rxf3 40. Rxb6 Rf4 41. a4 (41. Kd1 Rxg4 42. a4 Rg2 43. a5
Ra2 44. a6 g4 45. Ke1 g3 46. Kf1 Kh5 47. b4 g5 48. b5 Kh4 49. Kg1 Ra1+ 50. Kg2
Ra2+ $11) 41... Rxg4 42. a5 Rg2 43. Kb1 (43. b4 g4 44. Rc6 g3 45. Rc3 Kh5 46.
b5 Ra2 47. Rxg3 Rxa5 48. Rb3 Ra7 49. b6 Rb7 50. Kd2 g5 $11) 43... Rg1+ $2 (
43... g4 44. a6 (44. Rc6 g3 45. Rc3 (45. a6 Rg1+ 46. Kb2 g2 $19) 45... Rg1+ 46.
Kb2 Rg2+ 47. Ka3 Rg1 48. Kb4 Kh5 49. Kb5 Kg4 50. a6 g2 51. Rc2 Kg3 52. b4 Ra1
53. Rxg2+ Kxg2 54. Kb6 g5 55. b5 g4 56. Ka7 g3 57. b6 Kf1 58. b7 g2 59. b8=Q
g1=Q+ 60. Qb6 $17) (44. Rb4 g3 45. a6 Kh5 (45... Rg1+ 46. Kb2 Rg2+ 47. Kb1 $11
(47. Ka3 Rg1 48. Ka4 Ra1+ 49. Kb5 g2 (49... Kh5 50. Ra4 Rxa4 51. bxa4 g2 52. a7
g1=Q 53. a8=Q $11) 50. Rg4 g1=R 51. Rxg1 Rxg1 52. b4 g5 53. Kb6 g4 54. b5 g3
$19)) 46. a7 $18) 44... Rg1+ 45. Kb2 Rg2+ 46. Ka3 Rg1 47. Rc6 g3 48. Rc2 Ra1+
49. Kb4 $11) 44. Kb2 Rg2+ 45. Ka3 $18) (38. Rf7 $1 a5 39. Kc2 Rd5 40. Kc3 b5
41. Ra7 b4+ 42. Kc4 Re5 43. Kd4 Rb5 44. Rc7 $16) 38... Rf8 39. Re3 Kg7 $14) 38.
Rxa7 Rd6 (38... Ke5 39. Re7+ Kf4 40. Rf7+ Ke3 41. Rf6 $16) 39. Kc2 Ke5 40. Ra4
$16) 31... Rc4+ 32. Kb1 Qxe6 33. Rxe6 Kf7 34. Rd6 h5 $1 $11 35. b3 (35. Rd7+
Kf6 36. gxh5 gxh5 37. Rxa7 Rxh4 38. Rb7 Rb4 39. a3 Rb5 40. Kc2 h4 {[%csl Yh4]}
41. a4 Rb4 42. b3 Kg5 43. Rg7+ Kh5 44. Rd7 Rf4 45. Rd5+ Kg6 $11) 35... Rf4 36.
Rd7+ Ke6 37. Rg7 Kf6 38. Rxa7 hxg4 39. fxg4 Rxg4 40. Rb7 Rxh4 41. Rxb6+ Kf5 42.
a4 (42. Rb5+ Kf4 (42... Kf6 43. a4 g5 44. a5 g4 45. a6 g3 46. Rb6+ $11) 43.
Rb4+ Kg3 44. Rxh4 Kxh4 45. a4 g5 46. a5 g4 47. a6 g3 48. a7 g2 49. a8=Q g1=Q+
50. Ka2 Qf2+ 51. Ka3 Qc5+ 52. Ka4 Qd4+ 53. Kb5 Qd3+ $11) 42... g5 43. Kc2 g4
44. Rd6 g3 45. Rd1 Ke4 46. a5 (46. Kc3 g2 47. Rg1 Kf3 48. a5 Rh1 49. Rxg2 Kxg2
50. b4 Ra1 51. Kb2 (51. Kc4 Kf3 52. Kb5 Ke4 53. Ka6 Kd5 54. b5 Kd6 55. b6 Kc6
$19) 51... Ra4 52. Kb3 Ra1 53. Kb2 $11) 46... g2 47. Rg1 Kf3 48. Kc3 Kf2 49.
Rxg2+ Kxg2 50. b4 Kf3 51. a6 Ke4 52. Kc4 Rh1 53. Kc5 Rc1+ 54. Kd6 Rb1 55. Kc5
Rc1+ 56. Kb6 Kd5 57. b5 Kc4 58. Kc6 Kb4+ 1/2-1/2

[Event "FIDE-Wch k.o."]
[Site "Groningen"]
[Date "1997.12.15"]
[Round "3.2"]
[White "Seirawan, Yasser"]
[Black "Zvjaginsev, Vadim"]
[Result "1/2-1/2"]
[WhiteElo "2630"]
[BlackElo "2635"]
[Annotator "Tsesarsky,I"]
[PlyCount "51"]
[EventDate "1997.12.09"]
[EventType "k.o."]
[EventRounds "7"]
[EventCountry "NED"]
[SourceTitle "CBM 063"]
[Source "ChessBase"]
[SourceDate "1998.03.26"]
[SourceVersion "1"]
[SourceVersionDate "1998.03.26"]
[SourceQuality "1"]

1. d4 d5 2. c4 e6 3. Nf3 Nf6 4. cxd5 exd5 5. Bg5 c6 6. Nc3 h6 7. Bh4 Bf5 8. Qb3
(8. e3 Nbd7 (8... Be7 9. Bd3 Bxd3 10. Qxd3 Nbd7 11. O-O O-O 12. Rab1 $14 {
1/2-1/2 Lobron,E-Prie,E/Clichy Eurocup tt 1995 (55)}) (8... Qb6 9. Qb3 Ne4 10.
Nd2 Nxd2 11. Kxd2 Nd7 12. Be2 Bd6 13. g4 Bh7 14. Bg3 Qc7 15. Qb4 Bxg3 (15...
Bxb4 16. Bxc7 Rc8 17. Bg3 $132) 16. hxg3 a5 $132 {0-1 Toth,P-Kharlov,A/Sao
Paulo CLA ITAU 1991 (39)}) 9. Bd3 Bxd3 10. Qxd3 Bd6 11. a3 (11. O-O-O Bb4 12.
Nd2 O-O 13. Kb1 Re8 14. Rc1 Nf8 15. f3 (15. Qf5 Qd7 $11) 15... Rc8 $132 {
1/2-1/2 Illescas Cordoba,M-Bareev,E/It, Ubeda ESP 1997 (42)}) 11... a5 12. Ne2
O-O 13. O-O Re8 14. Rfc1 Ra6 15. Rc2 Qb8 16. Bg3 Ne4 17. Bxd6 Nxd6 18. Nd2 $132
{0-1 Landa,K-Bareev,E/Open 1996 (61)}) (8. Bxf6 $6 Qxf6 9. Qb3 $5 (9. e3 $11)
9... Nd7 $6 (9... b6) 10. e3 $6 (10. Qxb7 Rb8 11. Qc7 (11. Qxa7 Rxb2 12. Rc1
Be7 13. e3 O-O 14. Be2 Bb4 15. Kf1 $44) 11... Rxb2 12. Qc8+ Ke7 13. Rc1 Bg4 14.
Qa6 $14) 10... Rb8 11. Be2 Bd6 12. O-O O-O 13. a3 Rfe8 $11 {0-1 Tsesarsky,
I-Zoler,D/Rishon-Le-Zion 1991 (37)}) 8... g5 (8... Nbd7 $5 9. Qxb7 Rb8 10. Qxc6
Rxb2 11. Bxf6 gxf6 12. e4 (12. Nxd5 Qa5+ 13. Kd1 Bc2+ 14. Kc1 Ba3 15. Qc8+ Qd8
16. Qc3 Rb3+ (16... Rxa2+ 17. Kd2 Rxa1 18. Qxa1 Be4 19. Qxa3 Bxd5 20. e3 $18)
17. Kxc2 Rxc3+ 18. Nxc3 Qa5 19. e4 O-O 20. Nd2 Rc8 21. Nc4 Qa6 22. Kb3 Rb8+ 23.
Kc2 $15) 12... dxe4 13. Nh4 Rb6 14. Qc4 Be6 15. d5 Ne5 16. Qa4+ Bd7 17. Qxe4
Bb4 18. Rc1 O-O 19. Be2 Re8 20. Qc2 f5 21. a3 Bxc3+ (21... Nd3+ $2 22. Qxd3 $16
{0-1 Schulte-Simon/BL /SW,43,28 1988 (34)}) 22. Qxc3 Qxh4 $19) (8... Qb6 9.
Bxf6 (9. Qxb6 axb6 10. Bxf6 gxf6 11. e3 b5 12. Kd2 b4 13. Nd1 Bd6 $132 {
0-1 Dake,A-Rudolph,R/USA-op 1987 (53)}) 9... Qxb3 10. axb3 gxf6 11. e3 Bb4 12.
Kd2 Rg8 13. Nh4 Be6 14. g3 Nd7 15. Bd3 a5 16. Ke2 Nb6 {1/2-1/2 Alvarez
Jose-Leyva Hector/Memorial J.Capablanca (b) Cienfuegos (C 1996}) 9. Bg3 (9.
Qxb7 gxh4 10. Qxa8 Qb6 {-+ - Shirov.} 11. Rd1 (11. O-O-O Bd6 (11... Bb4 12. Na4
) 12. e3 O-O 13. Ne5 Rc8 (13... Bxe5 14. dxe5 Nbd7 15. Qxf8+ Kxf8 16. exf6 Nxf6
17. Bd3 $132) 14. Na4 Qc7 15. Nc5 Bxc5 16. dxc5 Nbd7 17. Qxc6 Nxe5 18. Qxc7
Rxc7 19. b4 Neg4 20. Rd2 Ne4 21. Rxd5 Nexf2 22. Rg1 Nxe3 23. Re5 Be4 24. Kd2
Neg4 25. Re8+ Kg7 $17) 11... Bb4 12. Nxh4 Bc2 13. Rc1 Ne4 14. Rxc2 Bxc3+ 15.
Kd1 Qxd4+ 16. Kc1 Bxb2+ 17. Kb1 (17. Rxb2 Qc3+ 18. Kb1 Qe1+ 19. Kc2 Qd2+ 20.
Kb3 Qc3+ 21. Ka4 Nc5#) 17... Qb4 $19) 9... Qb6 10. e3 (10. Nd2 Nbd7 11. f3 (11.
e3 Nh5 12. Be2 Nxg3 13. hxg3 O-O-O 14. Rc1 Kb8 15. a3 Bd6 16. Qa2 h5 $132 {
0-1 Trikaliotis,G-Luther,T/8th Open, Ano Liosia GRE 1997 (36)}) 11... Bg7 12.
Qxb6 {1/2-1/2 Teske,H-Pedersen,D/MK Cafe, Koszalin POL 1997}) (10. Qxb6 axb6
11. h4 (11. Be5 Nbd7 12. a3 Nxe5 13. dxe5 Nd7 14. Nd4 Bg6 15. e4 dxe4 16. e6
Ne5 $17 {0-1 Ho Cheng,V-Ahmad,N/ASIA-chT 1995 (24)}) 11... g4 12. Ne5 Nbd7 {
1/2-1/2 Urban,K-Kuczynski,R/ch-POL, Warsaw POL 1997}) (10. h4 g4 11. Nd2 Nbd7
12. h5 Qxb3 13. Nxb3 (13. axb3 $142) 13... a5 14. a3 Rg8 15. Bf4 b5 16. f3 a4
17. Nd2 gxf3 18. gxf3 $132 (18. exf3 Nb6 $15 {0-1 Baburin,A-Gausel,E/Skei 1993
(45)})) 10... Ne4 (10... Nbd7 11. h4 (11. Be2 Ne4 12. Nd2 Qxb3 13. axb3 Bb4 14.
Ndxe4 Bxe4 15. f3 Bc2 16. Bd1 Bxd1 17. Kxd1 f5 $11 {1/2-1/2 Stankovic,
D-Karaklajic,N/JUG-Cup Svetozarevo 1990 (47)}) 11... g4 12. Ne5 Nh5 13. Bh2 g3
14. Nxd7 (14. Qxb6 axb6 15. Nxd7 gxf2+ 16. Kxf2 Kxd7 17. Be2 Nf6 18. Be5 Bg7
19. g4 $14) 14... Kxd7 15. Be2 gxf2+ 16. Kxf2 Nf6 (16... Qxb3 17. axb3 Ng7 $132
) 17. Be5 Be7 $11 {1/2-1/2 Stoeber,M-Wilson,J/Hastings Challengers 1995 (30)})
(10... Na6 $5 11. Qxb6 (11. Be5 $5 Be7 12. Qxb6 (12. h4 $5 Rg8) 12... axb6 13.
h4 Rg8 (13... g4 14. Ng1 $1 $14 {1/2-1/2 Beliavsky,A-Shirov,A/Biel 1992 (52)})
14. hxg5 hxg5 15. Bxf6 Bxf6 16. Kd2 b5 17. Bd3 Be6 $10) 11... axb6 12. a3 (12.
Rc1 b5 13. Be2 $11) 12... Nb8 (12... b5 13. h4 Rg8 14. hxg5 hxg5 15. Ne5 Nb8 (
15... Nb4 16. O-O-O) 16. Rc1 b4 17. axb4 Bxb4 $132) 13. Kd2 Nbd7 14. Bd3 Be6 (
14... Bxd3 15. Kxd3 b5 16. h4 Rg8 17. hxg5 hxg5 18. Rac1 Nb6 19. Rc2 (19. Be5
Nfd7) 19... Nc4 20. e4 $132) 15. Ne5 Rg8 16. h3 b5 17. a4 bxa4 18. Rxa4 Rxa4
19. Nxa4 Bb4+ 20. Nc3 Nxe5 21. Bxe5 Ke7 22. Ra1 Nd7 23. Bh2 Bd6 24. Bxd6+ Kxd6
25. f3 h5 26. e4 dxe4 27. fxe4 h4 28. Ke3 g4 29. hxg4 Rxg4 30. Kf2 Rf4+ 31. Ke3
Rg4 32. Kf2 Rf4+ 33. Ke3 Rg4 {1/2-1/2 Seirawan,Y-Zvjaginsev,V/FIDE-Wch k.o.
1997}) (10... Qxb3 11. axb3 Nbd7 $10) 11. Nxe4 Bxe4 12. Nd2 Bf5 13. O-O-O (13.
h4 g4 14. Be5 Rg8 $11) 13... Nd7 14. h4 Rc8 15. Bd3 Bxd3 16. Qxd3 c5 17. hxg5 (
17. Kb1 Bg7 18. hxg5 hxg5 19. Rxh8+ Bxh8 20. Nb3 cxd4 (20... c4 21. Qh7 Ke7 22.
Rc1 Bf6 23. Qf5 Kd8 24. Nd2 Qe6 25. Qc2 Qb6 26. Ka1 $14) 21. Nxd4 $14) 17...
Bg7 (17... cxd4+ 18. Kb1 dxe3 19. Rhe1 d4 20. Nc4 Qg6 21. Qxg6 fxg6 22. Rxd4
$18) 18. gxh6 Rxh6 (18... cxd4+ 19. Kb1 $18) 19. Rxh6 Qxh6 20. Kb1 Qh5 (20...
cxd4 21. exd4 $16) 21. Re1 (21. Rc1 $16) 21... c4 22. Qc2 Kf8 23. Qd1 Qg6+ 24.
Qc2 Qh5 25. Qd1 (25. Rc1 $16) 25... Qg6+ 26. Qc2 $16 1/2-1/2

[Event "CRO-ch 6th"]
[Site "Pula"]
[Date "1998.01.14"]
[Round "6"]
[White "Zaja, Ivan"]
[Black "Nikolac, Juraj"]
[Result "1-0"]
[WhiteElo "2450"]
[BlackElo "2435"]
[Annotator "Tsesarsky,I"]
[PlyCount "77"]
[EventDate "1998.01.09"]
[EventType "tourn"]
[EventRounds "13"]
[EventCountry "CRO"]
[EventCategory "9"]
[SourceTitle "CBM 064"]
[Source "ChessBase"]
[SourceDate "1998.06.02"]
[SourceVersion "1"]
[SourceVersionDate "1998.06.02"]
[SourceQuality "1"]

1. d4 {Hecht} Nf6 2. c4 e6 3. Nc3 d5 4. cxd5 exd5 5. Bg5 c6 6. e3 Bf5 7. Qf3
Bg6 8. Bxf6 gxf6 (8... Qxf6 $142 9. Qxf6 gxf6 10. Nge2 (10. Nf3 Nd7 11. Nh4 Be7
12. g3 Nb6 13. Rd1 (13. f4 f5 14. Bd3 Bxh4 15. gxh4 Ke7 16. Ne2 Ke6 17. Ng3 h6
18. b4 a6 19. Kd2 Nc8 20. a4 Nd6 $11 {Van der Sterren,P-Piket,J/Amsterdam
OHRA-B 1988/1/2-1/2 (62)}) 13... Bb4 14. a3 Bxc3+ 15. bxc3 Na4 16. Kd2 b5 17.
f3 O-O 18. g4 Nb2 19. Ra1 Nc4+ 20. Bxc4 bxc4 21. Nf5 $14 {1-0 Piket,J-Van der
Sterren,P/Hoogovens, Wijk aan Zee NED 1998 (33)}) 10... Bd6 11. g3 Nd7 12. h4 (
12. Nf4 Bf5 13. Be2 O-O-O 14. Bh5 Be6 15. O-O-O Nb6 $11 {1/2-1/2 Zakharov,
A-Karpov,A/Moscow-chJ 1966 (21)}) 12... Bf5 13. Nf4 Nf8 14. Nh5 Ke7 15. Be2 Bg6
16. Nf4 Ne6 17. Bg4 Nxf4 18. gxf4 Bd3 $11 {Zaja,I-Grabarczyk,M/EuT-ch, Pula
CRO 1997/1/2-1/2 (48)}) 9. Rd1 (9. O-O-O Nd7 (9... Bb4 10. Nge2 Nd7 11. g4 $16
(11. h4 h5 12. g3 $16 (12. e4 $2 dxe4 13. Nxe4 Qe7 $132 {Wilson,J-Hibbeler,S/
Baden Baden op 1991/1/2-1/2 (48)}))) 10. h4 h5 11. g3 $16 (11. Bd3 Qa5 12. Nge2
$14 (12. e4 $6 dxe4 13. Bxe4 O-O-O 14. Nge2 f5 $132 {Juhnke,K-Weidemann,J/BL
1983/0-1 (51)}))) (9. Rc1 Nd7 10. Qd1 Bd6 11. h4 Qe7 12. Bd3 Qe6 13. Nge2 O-O
14. O-O Qg4 15. g3 Bxd3 16. Qxd3 f5 17. Nf4 Bxf4 18. exf4 Nf6 $11 {1/2-1/2
Seul,G-Behrhorst,F/BL 1987 (41)}) (9. Qd1 Nd7 (9... Qb6 10. Qd2 Nd7 (10... Na6
11. Nf3 Bd6 (11... O-O-O 12. a3 Nc7 13. b4 Ne8 14. Be2 Nd6 $11 {Petrosian,
T-Barcza,G/Budapest HUN-URS 1955/1-0 (60)}) 12. Be2 f5 13. O-O Nc7 14. Rfe1 Ne6
15. g3 Kf8 16. Rac1 $14 {1-0 Flear,G-Brouwer,D/Antwerpen op 1993 (35)}) (10...
a5 11. Nf3 Nd7 12. Nh4 a4 13. Rc1 f5 14. Bd3 f4 15. O-O Qd8 16. Nxg6 (16. g3
fxg3 17. fxg3 Be7 18. Nf5 O-O 19. Rf3 Bf6 20. Rcf1 Bg7 21. h4 $14 {Malaniuk,
V-Peregudov,N/5th stage Russia Cup, Ekaterinburg RUS 1997/1-0 (52)}) 16... hxg6
17. exf4 Qh4 18. Rfe1+ Be7 19. h3 g5 20. Re2 $16) 11. Nge2 (11. Be2 Bd6 12. Bg4
f5 13. Bh3 Nf6 14. f3 O-O-O 15. Nge2 Kb8 16. O-O-O Rhe8 17. Rhe1 $132 {1/2-1/2
David,P-Gizynski,T/Bardejov 1991 (24)}) 11... Bd6 12. g3 Nf8 13. Bg2 Ne6 14. h4
Bh5 15. Rc1 Rg8 16. a3 Qb3 17. O-O Rd8 18. Rfe1 $16 {1-0 Legky,N-Gulicovski,K/
Vrnjacka Banja 1989 (41)}) 10. Bd3 (10. Be2 Bd6 11. Nf3 f5 12. g3 Qb6 13. Qd2
Nf6 14. Bd3 Ne4 15. Qc2 Be7 16. Ne5 $14 {1/2-1/2 James,D-Rich,M/Hastings
Masters 1995 (40)}) 10... Bd6 11. Nf3 (11. Qc2 Rg8 12. g3 Qe7 13. Nf3 Qe6 14.
Nh4 O-O-O 15. O-O-O Kb8 16. Bf5 Qe7 17. Kb1 Nb6 $132 {1/2-1/2 Groszpeter,
A-Kallai,G/HUN-chT 1993 (27)}) 11... f5 12. Qb3 Rb8 13. Qc2 Qf6 (13... f4 14.
e4 $1) 14. g3 $14 {Ftacnik 1-0 Horvath,J-Abdel Megid,M/WchT Luzern 1989 (49)})
(9. Nge2 Na6 10. a3 Qb6 $2 11. Qxf6 Qxb2 12. Ra2 Qb3 13. Qe5+ (13. Qxh8 $18)
13... Kd7 14. Qxh8 $18 {1-0 Kumaran,D-Pcola,P/WchJ U20 Matinhos 1994 (33)})
9... Nd7 10. Bd3 Qb6 $6 (10... Nb6 $142 11. b3 Bb4 12. Nge2 Qe7 13. O-O O-O
$132 {David,P-Franic,M/Prague Vysehrad 1989/0-1 (52)}) 11. Qe2 $14 f5 $2 (11...
Rg8 $5 $14) 12. Qc2 $1 $16 f4 (12... Rg8 13. Nge2 Bh6 14. O-O $16) 13. exf4
Bxd3 (13... Bg7 14. Nge2 Bxd3 (14... O-O-O 15. Nxd5 $1 $16) (14... Rd8 15. f5
Bh5 16. f3 $18) 15. Rxd3 O-O 16. O-O $16) 14. Rxd3 Nf6 15. Re3+ Be7 16. Nge2
Ng4 (16... Kf8 17. O-O Re8 18. Re1 $16) 17. Rg3 Nf6 18. Qf5 Qc7 (18... Qxb2 19.
O-O $16) 19. Re3 Kf8 20. Ng3 (20. O-O $16) 20... Re8 21. O-O Rg8 22. Rfe1 Rg6
23. h3 (23. a3 $16) 23... Bd6 24. Nh5 $1 (24. Rxe8+ Nxe8 25. Nh5 Ng7 26. Nxg7
Kxg7 27. Ne2 Qa5 28. Qb1 Re6 $132) 24... Rxe3 25. fxe3 (25. Rxe3 Nxh5 26. Qxh5
Bxf4 27. Re2 Kg7 $15) 25... Nxh5 (25... Ng8 26. g4 $5 (26. Rf1 Qd8 27. Rf3 Nh6
28. Qd3 Qh4 29. f5 Rg8 30. Nf4 Rg5 31. f6 Ng8 $15) (26. Kf2 Ne7 27. Qd3 $16)
26... Ne7 27. Qc2 f5 28. g5 h6 29. h4 hxg5 30. hxg5 Qd7 31. Kg2 Qe6 32. Qf2 $16
) 26. Qxh5 Kg8 27. Qf5 (27. Re2 $16) 27... Kg7 28. Re2 Qe7 29. e4 (29. Nd1 Qe6
30. Qxe6 Rxe6 (30... fxe6 31. Kf2 $16) 31. Kf1 $16) 29... dxe4 (29... Qh4 30.
e5 Bc7 31. Rf2 $16) 30. Nxe4 Re6 (30... Bc7 31. Ng5 Qf6 (31... Qxe2 32. Qxf7+
Kh6 33. Qxh7#) 32. Qxf6+ Kxf6 (32... Rxf6 33. g3 Bb6 34. Nf3 Rd6 35. Re4 c5 36.
dxc5 Bxc5+ 37. Kf1 $16) 33. Nxh7+ Kg7 34. Ng5 Bxf4 35. Nf3 $16) 31. Qg4+ (31.
Kh1 $16) 31... Rg6 32. Qf3 (32. Qf5 Bc7 33. Ng5 Qf6 34. Qxf6+ Rxf6 35. g3 $16)
32... f5 (32... Kh8 33. f5 Rg8 34. f6 Qd7 35. Nxd6 Qxd6 36. Qf2 $16) 33. Ng3 (
33. Nxd6 Qxd6 34. Qe3 $16) 33... Qf7 (33... Qd7 34. Qd3 Kh8 35. Qxf5 Qxf5 36.
Nxf5 Bxf4 37. Re7 Rg5 38. Rf7 Bc1 39. h4 $18) 34. Qd3 Rf6 35. Re5 $1 Bxe5 (
35... Kh8 $1 36. Rxf5 Bxf4 37. Rxf6 Qxf6 38. Nh5 Qh6 39. Nxf4 Qxf4 $14) 36.
dxe5 Re6 (36... Rg6 $2 37. Nxf5+ Kh8 38. e6 $1 (38. Qd8+ {Hecht} Qg8 (38... Rg8
39. Nh6 $18) 39. Qxg8+ Rxg8 40. Nd6 {und die weißen Bauern müssen gewinnen.})
38... Qf6 (38... Rxe6 39. Qd8+ Re8 (39... Qe8 40. Qd4+ Kg8 41. Qg7#) 40. Qd4+
Kg8 41. Nh6+ $18) 39. e7 Rg8 40. Nd6 Qxe7 41. Qc3+ Rg7 (41... Qg7 42. Nf7#) 42.
Nf5 $18) 37. Nxf5+ Kh8 (37... Kg8 38. Kf2 $16) 38. Qd8+ Re8 $4 (38... Qg8 39.
Qd4 $16) (38... Qe8 $142 {Hecht} 39. Qxe8+ Rxe8 40. Nd6 Re7 41. Kf2 $18) 39.
Nd6 $1 1-0